Chiefs Roster 2024-2025 Opening Day - Statistics

General Stats
  • This quiz has been taken 106 times
  • The average score is 20 of 53
Answer Stats
Hint Answer % Correct
QB Patrick Mahomes
100%
TE Travis Kelce
92%
RB Isiah Pacheco
91%
WR Rashee Rice
86%
QB Carson Wentz
82%
WR Xavier Worthy
78%
WR Hollywood Brown
71%
DL Chris Jones
68%
WR JuJu Smith-Schuster
68%
TE Noah Gray
65%
OL Trey Smith
62%
K Harrison Butker
60%
LB Cam Jones
58%
CB Nic Jones
58%
OL Creed Humphrey
55%
WR Justin Watson
52%
CB Trent McDuffie
52%
RB Carson Steele
46%
OL Joe Thuney
46%
CB Jaylen Watson
45%
LB Nick Bolton
45%
OL Jawaan Taylor
43%
WR Skyy Moore
42%
DL George Karlaftis
38%
LB Leo Chenal
34%
S Justin Reid
31%
RB Clyde Edwards-Helaire
29%
WR Mecole Hardman
29%
LB Drue Tranquill
26%
OL Wanya Morris
26%
P Matt Araiza
25%
S Bryan Cook
23%
CB Joshua Williams
23%
DL Turk Wharton
22%
LS James Winchester
17%
TE Jared Wiley
17%
OL Kingsley Suamataia
15%
CB Nazeeh Johnson
15%
S Chamari Conner
14%
DL Charles Omenihu
14%
DL Derrick Nnadi
14%
TE Peyton Hendershot
14%
S Jaden Hicks
12%
OL Mike Caliendo
11%
DL Mike Pennel
9%
OL DJ Humphries
8%
DL Felix Anudike-Uzomah
8%
LB Jack Cochrane
6%
OL Ethan Driskell
3%
OL Hunter Nourzad
3%
CB Christian Roland-Wallace
2%
DL Malik Herring
2%
DL Cam Thomas
0%
No matching quizzes found
Score Distribution
Percent of People with Each Score
Percentile by Number Answered
Your Score History
You have not taken this quiz